000 00289 a2200121 4500
250 _a2ème éd.
245 _aThérapeutique générale de librairie
100 _aLes Agrégés du Pharo
260 _c1986
300 _a410 p.
999 _c17603
_d17603